000 00297 a2200145 4500
001 174399
020 _a
040 _cMagnum
100 _aAlmeida, Hilda Maria Ferreira de
240 1 0 _aO gato voador
_lpor
245 1 0 _aO gato voador
362 0 _a1899
697 _aI/ANIMAIS
942 _cBK
999 _c174399
_d174399